| 000 | 01135nam0a22003131 4500 | ||
|---|---|---|---|
| 001 | rc\2576337 | ||
| 005 | 20260405072545.0 | ||
| 035 | _a(NLR Aleph) 006740990 | ||
| 090 |
_a5644144 _c5644144 |
||
| 100 | _a20110914d1928 |||y0rusy50 ca | ||
| 101 | 1 |
_arus _cnew |
|
| 102 | _aRU | ||
| 105 | _ay z |||a| | ||
| 200 | 1 |
_aДвое. (Голодающие) _dDie hungernden _eРассказы _fТомас Манн. Thomas Mann _gПер. с нем. М. А. Аполлонской |
|
| 210 |
_aМосква _cОгонек _d1928 _gтип. Всерос. кооп. изд-ского союза "Книгосоюз" |
||
| 215 |
_a52 с. _d15х11 см. |
||
| 225 | 1 |
_aБиблиотека "Огонек" _v№ 284 |
|
| 300 | _aНа обл. дата: 1927 | ||
| 300 | _aОбложка: М. Б. | ||
| 510 | 0 | _aDie hungernden | |
| 517 | 0 | _aГолодающие | |
| 700 | 1 |
_8rus _7ca _aМанн _bТ. _f1875-1955 _gТомас _3RU\NLR\auth\7719257 _92330 |
|
| 702 | 1 |
_aАполлонская _bМ.А. _4730 |
|
| 801 | 0 |
_aRU _bNLR _gpsbo |
|
| 801 | 1 |
_aRU _bELAR _2rusmarc |
|
| 852 |
_aNLR _j17.140.3.231/284 |
||
| 942 | _cBOOK | ||
| 980 | _aNB | ||